[Event "Warsaw-ch"]
[Site "Warsaw"]
[Date "1997.??.??"]
[Round "4"]
[White "Shilov, Sergej"]
[Black "Berezin, Oleg"]
[Result "0-1"]
[WhiteElo "2345"]
[BlackElo "2445"]
[PlyCount "116"]
[EventDate "1997.??.??"]
[Source "www.chesslib.no"]
[SourceDate "2004.05.04"]

1. e4 c5 2. Nf3 d6 3. d4 cxd4 4. Nxd4 Nf6 5. Nc3 a6 6. Bg5 e6 7. f4 b5 8. e5 dxe5 9. fxe5 Qc7 10. Qe2 Nfd7 11. O-O-O Nc6 12. Nxc6 Qxc6 13. Ne4 Bb7 14. Nd6+ Bxd6 15. Rxd6 Qc7 16. Bf4 O-O 17. h4 Rfc8 18. Rh3 Nc5 19. Kb1 Bd5 20. Qg4 Qa5 21. Rxd5 exd5 22. c3 Qb6 23. h5 Qe6 24. Qg5 h6 25. Qh4 Qf5+ 26. Kc1 Ne6 27. Rf3 Nxf4 28. Qxf4 Qxf4+ 29. Rxf4 Re8 30. Be2 Rxe5 31. Kd2 Re4 32. Rf5 Rd8 33. Bf3 Ra4 34. Bxd5 Rg4 35. Ke3 Rd7 36. Bf3 Rg5 37. Rf4 Re5+ 38. Re4 Rxe4+ 39. Bxe4 Kf8 40. b4 Ke7 41. Bc2 Rd5 42. g4 Re5+ 43. Be4 Kd6 44. Kd4 Rg5 45. Bf5 g6 46. hxg6 fxg6 47. Bc8 h5 48. gxh5 gxh5 49. Ke3 h4 50. Kf2 Kc7 51. Be6 Rg3 52. c4 Rg6 53. Bd5 bxc4 54. Bxc4 h3 55. Bd5 h2 56. Bg2 Kb6 57. a4 Rg4 58. b5 a5 0-1

[Event "5th OIBM, Bad Wiessee GER"]
[Site "?"]
[Date "2001.??.??"]
[Round "2"]
[White "Baklan, V."]
[Black "Puth, D."]
[Result "1-0"]
[WhiteElo "2590"]
[BlackElo "2200"]
[PlyCount "69"]
[EventDate "2001.??.??"]
[Source "www.chesslib.no"]
[SourceDate "2004.05.04"]

1. e4 c5 2. Nf3 d6 3. d4 cxd4 4. Nxd4 Nf6 5. Nc3 a6 6. Bg5 e6 7. f4 b5 8. e5 dxe5 9. fxe5 Qc7 10. exf6 Qe5+ 11. Be2 Qxg5 12. O-O Ra7 13. Qd3 Rd7 14. Ne4 Qe5 15. c3 Bb7 16. Bf3 Nc6 17. Rad1 Qc7 18. Qe3 Ne5 19. fxg7 Nxf3+ 20. Nxf3 Bxg7 21. Rxd7 Qxd7 22. Nc5 Qc6 23. Nxb7 Qxb7 24. Qc5 Rg8 25. g3 Bf8 26. Qh5 h6 27. Re1 Qb6+ 28. Kg2 Qc6 29. Kh3 Rg7 30. Nd4 Qc5 31. Rxe6+ Kd8 32. Qxc5 Bxc5 33. Rxa6 b4 34. Nc6+ Kc7 35. Nxb4 1-0

[Event "IND-ch"]
[Site "IND"]
[Date "1994.??.??"]
[Round "18"]
[White "Saravanan, Venkat"]
[Black "Mithrakanth, Poorna Sharma"]
[Result "0-1"]
[WhiteElo "2420"]
[BlackElo "2370"]
[PlyCount "58"]
[EventDate "1994.??.??"]
[Source "ChessBase"]

1. e4 c5 2. Nf3 d6 3. d4 cxd4 4. Nxd4 Nf6 5. Nc3 a6 6. Bg5 e6 7. f4 b5 8. e5 dxe5 9. fxe5 Qc7 10. exf6 Qe5+ 11. Be2 Qxg5 12. Qd3 Ra7 13. O-O Rd7 14. Ne4 Qe5 15. Nf3 Qxb2 16. Qe3 Bb7 17. a4 b4 18. Rab1 Qa3 19. Rb3 Qxa4 20. Qf4 Bxe4 21. Qxb8+ Rd8 22. Qe5 Qc6 23. fxg7 Bc5+ 24. Kh1 Rg8 25. Bxa6 Qxa6 26. Re1 Bxf3 27. Qxc5 Qe2 28. Rxe2 Rd1+ 29. Qg1 Rxg1+ 0-1

[Event "Ljubljana op 11th"]
[Site "Ljubljana"]
[Date "2000.06.20"]
[Round "4"]
[White "Sibarevic, Milenko"]
[Black "Tratar, Marko"]
[Result "0-1"]
[WhiteElo "2346"]
[BlackElo "2439"]
[PlyCount "90"]
[EventDate "2000.06.17"]
[Source "ChessBase"]
[SourceDate "2000.07.11"]

1. e4 c5 2. Nf3 d6 3. d4 cxd4 4. Nxd4 Nf6 5. Nc3 a6 6. Bg5 e6 7. f4 b5 8. e5 dxe5 9. fxe5 Qc7 10. Qe2 Nfd7 11. O-O-O Bb7 12. Qg4 Qb6 13. Bf4 Nc5 14. Bxb5+ axb5 15. Ndxb5 Na4 16. Nd6+ Bxd6 17. Nxa4 Rxa4 18. Rxd6 Qb4 19. Bg5 O-O 20. Qxb4 Rxb4 21. Be7 Re8 22. Rhd1 Rc4 23. Rd8 Rc8 24. Rxe8+ Rxe8 25. g3 f6 26. exf6 Kf7 27. c4 gxf6 28. Bb4 e5 29. Rd6 Be4 30. a4 Nc6 31. Rd7+ Ke6 32. Rd6+ Kf7 33. Rd7+ Ke6 34. Rd6+ Kf5 35. Bc3 Ra8 36. b3 h5 37. Kb2 Nd8 38. a5 Nb7 39. Rd1 Nxa5 40. Rf1+ Kg4 41. Ra1 Nxc4+ 42. bxc4 Rxa1 43. Kxa1 Kh3 44. Ba5 Kxh2 45. Bd8 f5 0-1

[Event "Cordoba Open"]
[Site "Cordoba ARG"]
[Date "1990.??.??"]
[Round "?"]
[White "Vladimirov, Evgeny Y"]
[Black "Martinez, M."]
[Result "1-0"]
[WhiteElo "2565"]
[BlackElo "2215"]
[PlyCount "61"]
[EventDate "1990.10.??"]
[Source "www.chesslib.no"]
[SourceDate "2004.05.04"]

1. e4 c5 2. Nf3 d6 3. d4 cxd4 4. Nxd4 Nf6 5. Nc3 a6 6. Bg5 e6 7. f4 b5 8. e5 dxe5 9. fxe5 Qc7 10. Qe2 Nfd7 11. O-O-O Bb7 12. Qh5 g6 13. Qg4 Qxe5 14. Bd3 h5 15. Qh4 Nc5 16. Rhe1 Qxg5+ 17. Qxg5 Bh6 18. Nxe6 Nxe6 19. Rxe6+ Kf8 20. Qxh6+ Rxh6 21. Rf1 Bxg2 22. Rf2 Nc6 23. Re3 Bh1 24. Re1 b4 25. Ne2 Bd5 26. Nf4 Bxa2 27. b3 Kg7 28. Kb2 Bxb3 29. cxb3 Rhh8 30. Nxg6 fxg6 31. Re6 1-0

[Event "35th T-ch GR"]
[Site "Ermioni"]
[Date "2006.07.07"]
[Round "4.2"]
[White "Vouldis, Angelos"]
[Black "Prentos, Konstantinos"]
[Result "1-0"]
[WhiteElo "2521"]
[BlackElo "2258"]
[PlyCount "47"]
[EventDate "2006.07.??"]
[Source "www.chesslib.no"]
[SourceDate "2004.05.04"]

1. e4 c5 2. Nf3 d6 3. d4 cxd4 4. Nxd4 Nf6 5. Nc3 a6 6. Bg5 e6 7. f4 b5 8. e5 dxe5 9. fxe5 Qc7 10. Qe2 Nfd7 11. O-O-O Bb7 12. Qg4 Qxe5 13. Be2 h5 14. Qh4 g6 15. Bf3 Ra7 16. Kb1 Bh6 17. Bxh6 Rxh6 18. Rhe1 Qf6 19. Qf2 Ra8 20. Qe3 Bxf3 21. gxf3 g5 22. Nd5 Qd8 23. Nf5 Rg6 24. Qc3 1-0